000 01424nam0a2200289 4500
001 RU\NLR\bibl\908551
005 20260405095804.0
035 _a(NLR Aleph) 000896913
090 _a1753322
_c1753322
100 _a20060217d2005 |||y0rusy50 ca
101 0 _arus
102 _aRU
105 _ay z |||||
200 1 _aАлгоритмы работы врача-стоматолога при оказании амбулаторной стоматологической помощи детям и подросткам под общим обезболиванием
_eучебное пособие
_fА.А. Абрамов
210 _aСанкт-Петербург
_cСПбМАПО
_d2005
215 _a18 с.
_d20
225 1 _aПоследипломное медицинское образование
320 _aБиблиогр.: с. 16 (11 назв.)
606 1 _aНаркоз
_jУчебные издания для повышения квалификации
_xПрименение в стоматологии детского возраста
_91726958
_3RU\NLR\auth\66771352
686 _aР733.661.21-5я77
686 _aР733.665.421-1я77
700 1 _4070
_8rus
_7ca
_aАбрамов
_bА. А.
_cканд. мед. наук
_gАнатолий Анатольевич
_3RU\NLR\auth\7736142
_919133
801 0 _aRU
_bNLR
_c20060217
_grcr
801 1 _aRU
_bNLR
_c20060217
942 _cBOOK
980 _aNB